Watercolor tricks & techniques

Bibliographic Details
Main Author: Johnson, Cathy
Format: Book
Published: Ohio : Cincinnati , 19-
Subjects:

MARC

LEADER 00000cam a2200000 7i4500
001 0000005246
002 000005668
005 20161103.0
020 |a 0891344470 
090 0 0 |a 751.422   |b JOH 
100 1 |a Johnson, Cathy 
245 1 0 |a Watercolor tricks & techniques   |c Cathy Johnson 
260 |a Ohio :   |b Cincinnati ,   |c 19- 
300 |a 158p. :   |b ill ;   |c 25cm. 
650 0 0 |a Watercolor painting 
999 |a 037698   |b BUKU   |c PINJAMAN   |e PERPUSTAKAAN KOMUNITI PETALING JAYA